Fr. Conceicao Rodrigues College of Engineering

Software testing: Principles techniques and tools (Record no. 31749)

MARC details
000 -LEADER
fixed length control field 00387nam a2200169Ia 4500
082 ## - DEWEY DECIMAL CLASSIFICATION NUMBER
Classification number 5.15
Item number LIM
100 ## - MAIN ENTRY--PERSONAL NAME
Personal name Limaye/M.G
245 ## - TITLE STATEMENT
Title Software testing: Principles techniques and tools
260 ## - PUBLICATION, DISTRIBUTION, ETC.
Name of publisher, distributor, etc. Mc Graw Hill
Date of publication, distribution, etc. 2009
366 ## - TRADE AVAILABILITY INFORMATION
Publishers's discount category 25
300 ## - PHYSICAL DESCRIPTION
Extent 523
546 ## - LANGUAGE NOTE
Language note ENGLISH
-- Computers
650 ## - SUBJECT ADDED ENTRY--TOPICAL TERM
Topical term or geographic name entry element Software testing
654 ## - SUBJECT ADDED ENTRY--FACETED TOPICAL TERMS
Focus term software testing
942 ## - ADDED ENTRY ELEMENTS (KOHA)
Koha item type BOOK
Holdings
Withdrawn status Lost status Damaged status Not for loan Collection Home library Current library Date acquired Source of acquisition Cost, normal purchase price Inventory number Total Checkouts Full call number Barcode Date last seen Cost, replacement price Price effective from Koha item type
        CRC Fr. Agnel's C.Rodrigues College of Engineering Fr. Agnel's C.Rodrigues College of Engineering 17/03/2023 Allied Publishers 562.50 299 dt 09.06.2016   5.15 LIM 24257 17/03/2023 750.00   BOOK